| 000 | 00798nam a22002417a 4500 | ||
|---|---|---|---|
| 003 | OSt | ||
| 005 | 20151026133602.0 | ||
| 008 | 130715s2013 sp ||||| |||| 00| 0 spa d | ||
| 020 | _a9788441534087 | ||
| 040 | _cCDMR | ||
| 100 | 1 |
_93925 _aMejía Llano, Juan Carlos |
|
| 245 |
_aLa guía del Community Manager _b: estrategia, táctica y herramientas _cJuan Carlos Mejía Llano |
||
| 260 |
_aMarid _bAnaya Multimedia _c2013 |
||
| 300 |
_a400 p. _bil. b/n |
||
| 490 | 0 | _aSocial Media | |
| 650 | 0 | 4 |
_93137 _aWeb 2.0 |
| 650 | 0 | 4 |
_92798 _aComunicació en l'empresa _xInnovacions tecnològiques |
| 650 | 0 | 4 |
_93978 _aReputació en línia |
| 650 | 0 | 4 |
_93396 _aMàrqueting |
| 650 | 0 | 4 |
_94121 _aSocial Media Management |
| 650 | 0 | 4 |
_93128 _aXarxes socials en línia _xDirecció i administració |
| 942 |
_2udc _cMON |
||
| 999 |
_c6585 _d6585 |
||